000 01004na a2200289 4500
001 17126
003 MIRAKIL
005 20181213155122.0
008 161022b tu 000 0
020 _a975193947X
035 _a17126
040 _aMilas
_btur
_cTR-AnCHP
041 _atur
082 _a346.01380263
_bE53ö 2010
090 _a346.01380263 E53ö 2010
110 _aEngelli ve Yaşlı Hizmetleri Genel Müdürlüğü
245 _aÖzürlüler Kanunu ve ilgili mevzuat
_cÖzürlüler İdaresi Başkanlığı
250 _a4. bs.
260 _aAnkara
_bÖzürlüler İdaresi Başkanlığı
_c2010
300 _ax, 566 s.
_c24 sm. + 1 CD
490 _aÖzürlüler İdaresi Başkanlığı yayınları
_v43
500 _aKurumun yeni adı: Engelli ve Yaşlı Hizmetleri Genel Müdürlüğü
650 _aEngelliler
_xKanunlar ve yönetmelikler
_zTürkiye
650 _aEngelliler
_xHukuk ve mevzuat
_zTürkiye
710 _aÖzürlüler İdaresi Başkanlığı
942 _2ddc
_cBKS
999 _c6876
_d6876